E-marketing / (Record no. 63657)

MARC details
000 -LEADER
fixed length control field 00926nam a22002657a 4500
005 - DATE AND TIME OF LATEST TRANSACTION
control field 20130408112341.0
010 ## - LCCN (DPL NO)
LC control number ENG-104847
020 ## - INTERNATIONAL STANDARD BOOK NUMBER
International Standard Book Number 9788120345010
Terms of availability 425.00
035 ## - SYSTEM CONTROL NUMBER
System control number EN-88380
035 ## - SYSTEM CONTROL NUMBER
System control number B-491406-411
037 ## - SOURCE OF ACQUISITION
Source of stock number/acquisition DBAD / PUB
037 ## - SOURCE OF ACQUISITION
Source of stock number/acquisition Indraprastha Prakashan/Ven
082 ## - DEWEY DECIMAL CLASSIFICATION NUMBER
Classification number 658.872
100 ## - MAIN ENTRY--PERSONAL NAME
Personal name Strauss, Judy
245 ## - TITLE STATEMENT
Title E-marketing /
Statement of responsibility, etc by Judy Strauss [and] Raymond Frost
250 ## - EDITION STATEMENT
Edition statement 6th ed
260 ## - PUBLICATION, DISTRIBUTION, ETC. (IMPRINT)
Place of publication, distribution, etc New Delhi
Name of publisher, distributor, etc PHI Learning
Date of publication, distribution, etc 2012
270 ## - ADDRESS
Address M-97, Connaught Circus,
City New Delhi
Postal code 110001
300 ## - PHYSICAL DESCRIPTION
Extent xxi, 426 p. :
Dimensions 24cm (pbk)
Other physical details ill.
500 ## - GENERAL NOTE
General note Includes bibliographical references (403-407) and index.
650 ## - SUBJECT ADDED ENTRY--TOPICAL TERM
Topical term or geographic name as entry element Internet marketing.
700 ## - ADDED ENTRY--PERSONAL NAME
Personal name Frost, Raymond
Dates associated with a name 1960-
9 (RLIN) 43299
942 ## - ADDED ENTRY ELEMENTS (KOHA)
Source of classification or shelving scheme Dewey Decimal Classification
Item type English Books
Call number suffix STR
Classification part 658.872
Holdings
Withdrawn status Lost status Not for loan Collection code Home library Current library Date acquired Source of acquisition Cost, normal purchase price Full call number Barcode Copy number Cost, replacement price Koha item type
      Non-fiction Central Library Central Library 08/04/2013 Indraprastha Prakashan/896/11.01.2013/118/18.12.2012/18.1.13 425.00 658.872 STR B-491406 1 425.00 English Books
    Not For Loan Non-fiction D.B.Act.Division D.B.Act.Division 02/03/2012 DBAD/PUB 425.00 658.872 STR EN-88380 1 425.00 English Books
      Non-fiction Janak Puri Janak Puri 08/04/2013 Indraprastha Prakashan/896/11.01.2013/118/18.12.2012/18.1.13 425.00 658.872 STR B-491408 1 425.00 English Books
      Non-fiction Karol Bagh Karol Bagh 08/04/2013 Indraprastha Prakashan/896/11.01.2013/118/18.12.2012/18.1.13 425.00 658.872 STR B-491410 1 425.00 English Books
      Non-fiction Patel Nagar Patel Nagar 08/04/2013 Indraprastha Prakashan/896/11.01.2013/118/18.12.2012/18.1.13 425.00 658.872 STR B-491407 1 425.00 English Books
      Non-fiction Sarojini Nagar Sarojini Nagar 08/04/2013 Indraprastha Prakashan/896/11.01.2013/118/18.12.2012/18.1.13 425.00 658.872 STR B-491409 1 425.00 English Books
      Non-fiction Shahdara Branch Shahdara Branch 08/04/2013 Indraprastha Prakashan/896/11.01.2013/118/18.12.2012/18.1.13 425.00 658.872 STR B-491411 1 425.00 English Books

© Delhi Public Library
Hit Counter
free hit counter